Spell the Marvel Character #196 - Statistics

General Stats
  • This quiz has been taken 17 times
  • The average score is 10 of 10
Answer Stats
Picture Answer % Correct
Captain Marvel
100%
Daredevil
100%
Mister Fantastic
100%
Nova
100%
Old Man Logan
100%
Scarlet Witch
100%
She-Hulk
100%
Doc Samson
93%
Okoye
93%
Armor
86%
No matching quizzes found
Score Distribution
Percent of People with Each Score
Percentile by Number Answered
Your Score History
You have not taken this quiz